[Event "Waikato Open 2017"]
[Site "Hamilton NZL"]
[Date "2017.08.12"]
[Round "2"]
[White "Hague, Ben"]
[Black "Li, Shenyue (Sherry)"]
[Result "1-0"]
[WhiteElo "2326"]
[BlackElo "2038"]
[PlyCount "83"]
[EventDate "2017.08.11"]

1. e4 c5 2. Nf3 e6 3. d4 cxd4 4. Nxd4 a6 5. Bd3 Nc6 6. Nxc6 dxc6 7. O-O e5 8.
Kh1 Nf6 9. f4 Ng4 10. Qe1 Bc5 11. h3 h5 12. f5 Qb6 13. Nc3 Nf2+ 14. Kh2 Nxd3
15. cxd3 Bd4 16. Ne2 Bd7 17. Qg3 Rh7 18. Nxd4 Qxd4 19. Bg5 Kf8 20. Be3 Qd6 21.
Rac1 Kg8 22. h4 Re8 23. Rfd1 Qb4 24. b3 Bc8 25. d4 Rh8 26. Rc4 Qe7 27. dxe5
Qxe5 28. Bf4 Qe7 29. Rd6 Kh7 30. f6 gxf6 31. Rc5 Bg4 32. e5 f5 33. Bg5 Qc7 34.
Qd3 Kg8 35. Bd8 Qc8 36. Qd2 Rh7 37. Bf6 f4 38. e6 fxe6 39. Rg5+ Kf8 40. Qxf4
Rf7 41. Rxg4 Rh7 42. Bd8+ 1-0

[Event "Waikato Open 2017"]
[Site "Hamilton NZL"]
[Date "2017.08.12"]
[Round "2"]
[White "Burns, Christopher J"]
[Black "Steadman, Michael V R"]
[Result "0-1"]
[WhiteElo "1969"]
[BlackElo "2194"]
[PlyCount "66"]
[EventDate "2017.08.11"]

1. e4 e6 2. d4 d5 3. Nc3 Nf6 4. e5 Nfd7 5. f4 c5 6. Nf3 Nc6 7. Be3 h6 8. Qd2 g5
9. Nb5 g4 10. Ng1 a6 11. Nd6+ Bxd6 12. exd6 cxd4 13. Bf2 Nc5 14. Bxd4 Ne4 15.
Qe3 Nxd4 16. Qxd4 Rg8 17. O-O-O Nxd6 18. c4 Qc7 19. Kb1 Nxc4 20. Rc1 Qa5 21.
Bxc4 dxc4 22. Qxc4 Bd7 23. Ne2 Bc6 24. Nc3 Bxg2 25. Rhe1 Ke7 26. Re5 Qb6 27. f5
Rad8 28. Rce1 Rd6 29. Qf4 Rg5 30. f6+ Kd7 31. Rxg5 hxg5 32. Qxg5 Qf2 33. Rc1
Qf5+ 0-1

[Event "Waikato Open 2017"]
[Site "Hamilton NZL"]
[Date "2017.08.12"]
[Round "2"]
[White "Polishchuk, Kirill"]
[Black "Seabrook, Roy"]
[Result "1-0"]
[WhiteElo "2132"]
[BlackElo "1814"]
[PlyCount "71"]
[EventDate "2017.08.11"]

1. e4 e6 2. Nf3 d5 3. e5 c5 4. b4 b6 5. c3 Nc6 6. b5 Na5 7. Bd3 Bd7 8. a4 Qc7
9. O-O Ne7 10. Bc2 Rc8 11. Qe2 Ng6 12. h4 Be7 13. g3 Nc4 14. Re1 h5 15. Bxg6
fxg6 16. Qd3 Kf7 17. Qc2 Rhf8 18. d3 Kg8 19. dxc4 Rxf3 20. Qxg6 Rf5 21. Bh6 Bf8
22. Nd2 Rxe5 23. Bf4 Rxe1+ 24. Rxe1 Bd6 25. Rxe6 Bxf4 26. Re7 Bh6 27. Qf7+ Kh8
28. Nf3 Rd8 29. Ne5 Qd6 30. Nxd7 dxc4 31. Ne5 Qb8 32. Re6 Bd2 33. Qxh5+ Kg8 34.
Qf7+ Kh7 35. Qh5+ Kg8 36. Nc6 1-0

[Event "Waikato Open 2017"]
[Site "Hamilton NZL"]
[Date "2017.08.12"]
[Round "2"]
[White "Punsalan, Vyanla M"]
[Black "Smith, Robert W"]
[Result "1-0"]
[WhiteElo "1854"]
[BlackElo "2255"]
[PlyCount "73"]
[EventDate "2017.08.11"]

1. e4 c5 2. c3 Nf6 3. e5 Nd5 4. d4 cxd4 5. cxd4 e6 6. Nc3 Nxc3 7. bxc3 d6 8. f4
Qc7 9. Qc2 d5 10. Bd3 Bd7 11. Ne2 g6 12. O-O Nc6 13. g4 Rc8 14. a3 Ne7 15. Rf2
h5 16. h3 hxg4 17. hxg4 Qd8 18. Rg2 Nc6 19. Bxg6 Qh4 20. Bh5 Qe1+ 21. Kh2 Na5
22. Bb2 Qh4+ 23. Kg1 Rxh5 24. gxh5 Nc4 25. Qh7 Nxb2 26. Rh2 Qg4+ 27. Rg2 Qh4
28. Rh2 Qg4+ 29. Rg2 Qf5 30. Qxf5 exf5 31. Rg8 Ke7 32. Rb1 Nc4 33. Rxb7 Nb6 34.
Rxa7 Rc6 35. Ng3 Ke8 36. a4 Nc8 37. Rxd7 1-0

[Event "Waikato Open 2017"]
[Site "Hamilton NZL"]
[Date "2017.08.12"]
[Round "2"]
[White "Spain, Graeme A"]
[Black "Timergazi, Layla"]
[Result "1/2-1/2"]
[WhiteElo "2217"]
[BlackElo "2073"]
[PlyCount "100"]
[EventDate "2017.08.11"]

1. e4 c6 2. d4 d5 3. Nc3 dxe4 4. Nxe4 Bf5 5. Ng3 Bg6 6. Nf3 Nd7 7. Bd3 Ngf6 8.
O-O Qc7 9. b3 e6 10. Bb2 Bd6 11. c4 b6 12. Qe2 Bxd3 13. Qxd3 O-O 14. Rfe1 Rad8
15. Qe2 c5 16. dxc5 Bxc5 17. Ne4 Be7 18. Rad1 Nxe4 19. Qxe4 Bf6 20. Bxf6 Nxf6
21. Qe5 Qe7 22. h3 Qa3 23. Qe2 h6 24. Rd2 Rxd2 25. Qxd2 Ra8 26. Re3 Qc5 27. Ne5
Qc7 28. f4 Rd8 29. Rd3 Qc5+ 30. Kh2 Rxd3 31. Qxd3 Qf2 32. Qf3 Qxf3 33. Nxf3 Ne4
34. Ne5 Kf8 35. b4 Ke8 36. a4 Nc3 37. a5 bxa5 38. bxa5 Ne4 39. a6 Nc5 40. Nc6
Nxa6 41. Nxa7 Kd7 42. Kg3 Kd6 43. Kf3 Kc5 44. Ke4 Kxc4 45. Nc6 Nc5+ 46. Ke5 Nb7
47. Ne7 Kc5 48. f5 Nd8 49. fxe6 Nxe6 50. Nf5 Kc6 1/2-1/2

[Event "Waikato Open 2017"]
[Site "Hamilton NZL"]
[Date "2017.08.12"]
[Round "2"]
[White "Marko, Helmut S"]
[Black "Hart, Ralph"]
[Result "0-1"]
[WhiteElo "1935"]
[BlackElo "2142"]
[PlyCount "90"]
[EventDate "2017.08.11"]

1. Nf3 Nf6 2. g3 b5 3. Bg2 Bb7 4. O-O e6 5. d3 c5 6. Nbd2 d5 7. b3 Be7 8. Bb2
O-O 9. a4 a6 10. e3 Nc6 11. Re1 Qc7 12. c3 Rfd8 13. Qc2 Rac8 14. Rec1 Qb8 15.
axb5 axb5 16. Qb1 e5 17. Ba3 Bf8 18. Bb2 Re8 19. Re1 Rcd8 20. Rd1 Bc8 21. h3 h6
22. e4 dxe4 23. Nxe4 Nd5 24. Ned2 b4 25. Qc2 bxc3 26. Bxc3 Ncb4 27. Bxb4 Nxb4
28. Qc4 Nxd3 29. Qc3 Qb4 30. Qxb4 cxb4 31. Nc4 Bc5 32. Ne3 Be6 33. Bf1 e4 34.
Ne1 Nxe1 35. Rxe1 Bxb3 36. Bc4 Bxc4 37. Nxc4 Rd3 38. Ra5 Bd4 39. Rb5 Rxg3+ 40.
Kh2 Rf3 41. Re2 Rxf2+ 42. Rxf2 Bxf2 43. Kg2 e3 44. Ne5 Be1 45. Nd3 Bc3 0-1

[Event "Waikato Open 2017"]
[Site "Hamilton NZL"]
[Date "2017.08.12"]
[Round "2"]
[White "Ang, Alphaeus Wei Ern"]
[Black "Van den Heuvel, Arnold"]
[Result "1/2-1/2"]
[WhiteElo "2141"]
[BlackElo "1828"]
[PlyCount "80"]
[EventDate "2017.08.11"]

1. d4 Nf6 2. c4 e6 3. Nc3 Bb4 4. e3 O-O 5. Bd3 d5 6. Nf3 c5 7. O-O b6 8. cxd5
Bxc3 9. bxc3 exd5 10. Ne5 Ba6 11. Ba3 Re8 12. Bxa6 Nxa6 13. Qa4 Nc7 14. Rac1 b5
15. Qc2 c4 16. Qf5 Qc8 17. Qf4 Ne6 18. Qh4 Nf8 19. Bxf8 Kxf8 20. g4 Kg8 21. g5
Nd7 22. f4 Nf8 23. f5 a5 24. Rf3 b4 25. f6 Rxe5 26. dxe5 Ng6 27. Qh5 Nxe5 28.
Rf4 Ng6 29. Rf3 Ne5 30. Rg3 Qf5 31. Rf1 Qg6 32. Qd1 Nd3 33. Qa4 bxc3 34. Qc6
Rd8 35. Qc7 Ra8 36. Rg2 c2 37. Rxc2 Qxg5+ 38. Rg2 Qxe3+ 39. Kh1 g6 40. Qd6 Qe4
1/2-1/2

[Event "Waikato Open 2017"]
[Site "Hamilton NZL"]
[Date "2017.08.12"]
[Round "2"]
[White "Mistry, Prashant"]
[Black "Bennett, Hilton P"]
[Result "0-1"]
[WhiteElo "2006"]
[BlackElo "1900"]
[PlyCount "42"]
[EventDate "2017.08.11"]

1. e4 g6 2. Bc4 Bg7 3. Nf3 d6 4. O-O Nf6 5. Nc3 O-O 6. Re1 e5 7. d4 Nc6 8. dxe5
Nxe5 9. Nxe5 dxe5 10. Bg5 c6 11. Qxd8 Rxd8 12. f4 Re8 13. fxe5 Ng4 14. Rad1
Nxe5 15. Bb3 Be6 16. Bxe6 Rxe6 17. Rf1 h6 18. Bd8 Nc4 19. Na4 Ne3 20. Nc5 Nxd1
21. Nxe6 Ne3 0-1

[Event "Waikato Open 2017"]
[Site "Hamilton NZL"]
[Date "2017.08.12"]
[Round "2"]
[White "Dare, Richard J"]
[Black "Lynn, K William"]
[Result "1-0"]
[WhiteElo "1890"]
[BlackElo "1845"]
[PlyCount "65"]
[EventDate "2017.08.11"]

1. e4 c5 2. f4 d5 3. e5 Nc6 4. Nf3 Bf5 5. Be2 e6 6. O-O Be7 7. Ne1 Nd4 8. g4
Nxe2+ 9. Qxe2 Bg6 10. f5 c4 11. fxg6 Bc5+ 12. Kh1 hxg6 13. Nf3 Nh6 14. Qg2 Qb6
15. Nc3 Qc6 16. d3 b5 17. d4 Bb6 18. Bg5 Kd7 19. Rf2 Raf8 20. Ne2 Kc8 21. Raf1
f5 22. exf6 gxf6 23. Bxh6 Rxh6 24. Ne5 Qd6 25. c3 Bc7 26. g5 Rh5 27. gxf6 Rxe5
28. dxe5 Qxe5 29. f7 Qh5 30. Nf4 Bxf4 31. Rxf4 g5 32. Rf6 Kd7 33. Qf2 1-0